000
00268nam a2200109Ia 4500
008
190216s9999||||xx |||||||||||||| ||und||
100
_a
Samual Glasstone
245
0
_a
Text Book Of Physical Chemistry
260
_b
Macmillan India Ltd
650
_a
Chemistry
942
_c
BK
999
_c
2095
_d
2095